| 000 | 00530nam a22002057a 4500 | ||
|---|---|---|---|
| 003 | OSt | ||
| 005 | 20231213161947.0 | ||
| 008 | 230301b ||||| |||| 00| 0 eng d | ||
| 040 | _cAL | ||
| 041 | _aEnglish | ||
| 082 |
_223 _a381/236 _bGUPP |
||
| 100 |
_aR K Gupta _9146038 |
||
| 245 | _aPrinciples and Practice of Cost Accounting | ||
| 250 | _a7. | ||
| 260 |
_aAgra _bAgra Book Store _c1984 |
||
| 300 |
_aii,1027 p. _bHB _c24x15.5 cm. |
||
| 650 |
_aCost Accounting _973703 |
||
| 700 |
_aGUPTA (R K) _973704 |
||
| 942 |
_2ddc _cSG |
||
| 999 |
_c226840 _d226840 |
||